=LDR 00000nam 2200000 4500 =001 INLIS000000000007706 =005 20130612095649 =008 ***********************************Ind** =035 ##$$0010-061300000007706 =041 ##$$a Ind =082 ##$$a 792.015 =090 ##$$a 792.015, Pur k =100 ##$$a PURWARAHARJA, Lephen =245 ##$$a Ketoprak Orde Baru, Lephen Purwarahardja, Bondan Nusantara =260 ##$$a 1997 $b Yogyakarta =300 ##$$a xiii, 222 hlm., 21 cm =650 ##$$a Teater - Sejarah dan Kritik